Diccionario de traductores / (Record no. 80704)

MARC details
000 -CABECERA
campo de control de longitud fija 00690nam a2200229 a 4500
005 - FECHA Y HORA DE LA ÚLTIMA TRANSACCIÓN
campo de control 20230419063707.0
008 - ELEMENTOS DE LONGITUD FIJA--INFORMACIÓN GENERAL
campo de control de longitud fija 010524s1992 r 000 0 eng d
020 ## - NÚMERO INTERNACIONAL NORMALIZADO PARA LIBROS
Número Internacional Estándar del Libro 8486168740
035 ## - NÚMERO DE CONTROL DEL SISTEMA
Número de control de sistema UPN01000106792
049 ## - COLECCIÓN
Colección C
050 #4 - SIGNATURA TOPOGRÁFICA DE LA BIBLIOTECA DEL CONGRESO
Número de clasificación PQ6044.8
Número de documento/Ítem D5.2
245 00 - MENCIÓN DE TÍTULO
Título Diccionario de traductores /
Mención de responsabilidad, etc. coord. de Esther Benítez
260 ## - PUBLICACIÓN, DISTRIBUCIÓN, ETC.
Lugar de publicación, distribución, etc. Madrid :
Nombre del editor, distribuidor, etc. Fundación Germán Sánchez Ruipérez :
-- Pirámide,
Fecha de publicación, distribución, etc. 1992.
300 ## - DESCRIPCIÓN FÍSICA
Extensión 284 p.
440 #0 - MENCIÓN DE SERIE/ASIENTO SECUNDARIO--TÍTULO
Título Biblioteca del libro ;
Designación de volumen o secuencia 50
650 #7 - ASIENTO SECUNDARIO DE MATERIA - TERMINO TEMATICO
Término de materia o nombre geográfico como elemento de entrada Traducción e interpretación
Fuente del encabezamiento o término
9 (RLIN) 13974
650 #4 - ASIENTO SECUNDARIO DE MATERIA - TERMINO TEMATICO
Término de materia o nombre geográfico como elemento de entrada TRADUCTORES ESPAÑOLES -
Subdivisión general DICCIONARIOS.
700 1# - ASIENTO SECUNDARIO--NOMBRE DE PERSONAL
Nombre de persona Benítez, Esther,
Término indicativo de función/relación comp.
901 ## - ELEMENTOS DE DATOS A LOCAL LDA (RLIN)
a 180947
902 ## - ELEMENTOS DE DATOS B LOCAL, LDB (RLIN)
Creó MEEG/mema
905 ## - TIPO DE MATERIAL
Tipo de material Libro
Holdings
Estado de retiro Estado de pérdida Fuente del sistema de clasificación o colocación Estado dañado No para préstamo Código de colección Localización permanente Ubicación/localización actual Ubicación en estantería Total de préstamos Clasificación Código de barras Fecha visto por última vez Número de copia Tipo de ítem Koha
    Library of Congress Classification   Consulta Consulta Bib. Gregorio Torres Quintero Bib. Gregorio Torres Quintero Sala de lectura Sótano   PQ6044.8 D5.2 180947 31/12/2020 1 Libro